|
|
|
|
| LEADER |
00000cam a2200000 a 4500 |
| 001 |
vtls001262291 |
| 003 |
SK-MaSNL |
| 005 |
20260301154936.0 |
| 008 |
240226s1951 xo hoa g n 000 0 slo |
| 015 |
|
|
|a SNBA1951
|
| 020 |
|
|
|q (viazané)
|
| 035 |
|
|
|a SNK000213176
|
| 035 |
|
|
|a urn:nbn:sk:snk-am3igrn
|
| 035 |
|
|
|a 632EC6E5-A48E-4890-A50C-1E01346820F3
|
| 035 |
|
|
|a urn:nbn:sk:snk-am00edgj
|
| 040 |
|
|
|a SNK
|b slo
|c SNK
|e AACR2
|
| 041 |
0 |
|
|a slo
|
| 044 |
|
|
|a xo
|c SK
|
| 072 |
|
7 |
|a 003
|x Systémy písania a písma
|2 konspekt
|
| 080 |
|
|
|a 003(091)
|2 2001
|
| 080 |
|
|
|a 003.02
|2 2011
|
| 080 |
|
|
|a 003.072
|2 2011
|
| 080 |
|
|
|a 655.2
|2 2011
|
| 080 |
|
|
|a (048.8)
|2 2011
|
| 100 |
1 |
|
|a Húščava, Alexander,
|d 1906-1969
|4 aut
|9 88562
|
| 245 |
1 |
0 |
|a Dejiny a vývoj nášho písma
|c Alexander Húščava ; [hlavný redaktor Ján Dekan]
|
| 250 |
|
|
|a 1. vydanie
|
| 260 |
|
|
|a Bratislava
|b Slovenská akadémia vied a umení
|c 1951
|
| 300 |
|
|
|a 375 strán
|b faksimile, fotografie, ilustrácie
|c 25 cm
|
| 366 |
|
|
|e 2000 kusov
|
| 500 |
|
|
|a Obsahuje poznámky pod čiarou
|
| 504 |
|
|
|a Obsahuje bibliografickú prílohu
|
| 650 |
0 |
7 |
|a dejiny písma
|2 SNKPH
|9 75240
|
| 650 |
0 |
7 |
|a vývoj písma
|2 SNKPH
|9 49733
|
| 650 |
0 |
7 |
|a paleografia
|2 SNKPH
|9 75931
|
| 650 |
0 |
7 |
|a typografia
|2 SNKPH
|9 13578
|
| 655 |
|
7 |
|a monografie
|2 SNKPH
|9 70139
|
| 700 |
1 |
|
|a Dekan, Ján,
|d 1919-2007
|4 red
|9 36939
|
| 852 |
|
|
|a Slovenská národná knižnica
|
| 954 |
|
|
|a odborná, vedecká literatúra pôvodná (slovenská)
|2 lita
|
| 958 |
|
|
|a RK
|
| 958 |
|
|
|a NB
|
| 958 |
|
|
|a SP
|
| 958 |
|
|
|a OND
|
| 958 |
|
|
|a EUIPO
|
| 999 |
|
|
|c 798593
|d 800523
|
| 952 |
|
|
|a SNK
|b SNK
|y PREZ
|7 0
|p 17A0127230
|o snkSC 4631
|i snk629/52
|0 0
|1 0
|4 0
|d 1998-03-13
|f 1
|l 0
|r 2025-06-25 00:00:00
|w 2026-02-24
|
| 952 |
|
|
|t P60, <04>, [BOOK], {604}
|a SNK
|b SNK
|y VYP
|7 0
|p 17A0010772
|o snkSC 4631 D3
|0 0
|1 0
|4 0
|d 1996-09-30
|l 0
|r 2005-01-01 00:00:00
|w 2026-02-24
|
| 952 |
|
|
|a SNK
|b SNK
|y VYP
|7 0
|p 17A0027145
|o snkSC 4631 D4
|i snkF 3186/62
|8 5
|0 0
|1 0
|4 0
|d 1996-12-16
|l 0
|r 2005-01-01 00:00:00
|w 2026-02-24
|
| 952 |
|
|
|t P60, <04>, [BOOK], {604}
|a SNK
|b SNK
|y VYP
|7 0
|p 17A0248989
|o snkSC 4631 D6
|0 0
|1 0
|4 0
|d 1997-12-12
|l 0
|r 2005-01-01 00:00:00
|w 2026-02-24
|
| 952 |
|
|
|t P60, <04>, [BOOK], {604}
|a SNK
|b SNK
|y VYP
|7 0
|p 17A0213201
|o snkSC 4631 D5
|0 0
|1 0
|4 0
|d 1999-10-01
|l 0
|r 2005-01-01 00:00:00
|w 2026-02-24
|
| 952 |
|
|
|t P60, <04>, [BOOK], {604}
|a SNK
|b SNK
|y VYP
|7 0
|p 17A0329195
|o snkSC 4631 D1
|0 0
|1 0
|4 0
|d 2002-01-16
|l 0
|r 2005-01-01 00:00:00
|w 2026-02-24
|